000 00443nam a2200181Ia 4500
001 22417
005 20260414150830.0
008 260414t2012||||xx |||||||||||||| ||spa||
041 _aESP
082 _a621.381
_bN33
100 _aNeamen, Donald A.
_eAUT
245 0 _aDispositivos y circuitos electrónicos
_b
260 _c2012
300 _axvii, 708 páginas :
_c27 cm.
650 _aTCA
654 _aCET
942 _cLIB
_dJUS
_fJUS
_2ddc
_n
999 _c22417
_d22417